000 nam a22 7a 4500
999 _c44670
_d44670
005 20180528114033.0
008 180528b xxu||||| |||| 00| 0 eng d
040 _aANE
041 _aEs
082 _appet20180528-0
110 _aEl Telegrafo 20180528
245 _aProyecto de ley económico tiene remisión de intereses
300 _a20180528
650 _aProyecto
650 _aley
650 _aeconómico
650 _aremisión
650 _aintereses
856 _uhttp://documentacion.asambleanacional.gob.ec/alfresco/d/d/workspace/SpacesStore/5f04a695-fc7e-490f-a9f4-19d5588185d8/ppet20180528-0.pdf
942 _2ddc
_cAP
_zp c